| 000 | 00678nam a2200157 a 4500 | ||
|---|---|---|---|
| 008 | 060606s2005 xx |||||||||||||| || u | ||
| 050 | _aTHESIS | ||
| 100 | _aMwewa, Susan | ||
| 245 | 1 | 0 |
_aTax incentives and the small and medium sized enterprises (SMEs) sector on the Copperbelt _cMBA thesis supervised by John Lungu |
| 260 |
_a _bCopperbelt University, School of Business, MBA Programme _c2005 |
||
| 350 | _a0.00 | ||
| 650 | _aSMALL BUSINESS--INFORMATION SERVICES--ZAMBIA | ||
| 650 | 0 | _aBUSINESS | |
| 650 | _aTAXATION--ZAMBIA | ||
| 995 |
_D0.00 _FCBU-MAIN LIBRARY (Kitwe) _H1 _I0.00 _M1 _UAVAILABLE _WJun 6, 2006 _ZUniversity Collection |
||
| 999 |
_c59393 _d59393 |
||